00635pam a2200193 a 4500001000800000005001700008008004100025010001700066020004200083040001800125041000800143043001200151080002000163082002400183100000700207101000800214245015500222504006400377112357120180220091651.0940309s1994 miua be 001 0 eng  a 94009305  a0810383489 (acidfree paper) :c$99.50 aDLCcDLCdDLC aeng an-us--- a305.260973 RON00a305.260973 RON220 a49 aSOC00aOlder Americans almanac :cRonald J. Manheimer, editor, with North Carolina Center for Creative Retirement, University of North Carolina at Asheville. aIncludes bibliographical references (p. 821-836) and index.